Practical information : Comprehension and comprehension practice
This book, for immediate and above EFL students, has 30 units, each of which consists of an extract from every day informational literature on some aspect of British daily life, followed by comprehension and composition exercises
Na minha lista:
| Autor principal: | |
|---|---|
| Formato: | Livro |
| Idioma: | Undetermined |
| Publicado em: |
London
Edward Arnold
1977
|
| Assuntos: | |
| Tags: |
Adicionar Tag
Sem tags, seja o primeiro a adicionar uma tag!
|
| Thư viện lưu trữ: | Trung tâm Học liệu Trường Đại học Cần Thơ |
|---|
| LEADER | 00817nam a2200217Ia 4500 | ||
|---|---|---|---|
| 001 | CTU_29184 | ||
| 008 | 210402s9999 xx 000 0 und d | ||
| 082 | |a 428.24 | ||
| 082 | |b T545 | ||
| 100 | |a Thomas, B. J. | ||
| 245 | 0 | |a Practical information : | |
| 245 | 0 | |b Comprehension and comprehension practice | |
| 245 | 0 | |c B. J. Thomas | |
| 260 | |a London | ||
| 260 | |b Edward Arnold | ||
| 260 | |c 1977 | ||
| 520 | |a This book, for immediate and above EFL students, has 30 units, each of which consists of an extract from every day informational literature on some aspect of British daily life, followed by comprehension and composition exercises | ||
| 650 | |a English language,English language | ||
| 650 | |x Composition and exercises | ||
| 904 | |i Minh | ||
| 980 | |a Trung tâm Học liệu Trường Đại học Cần Thơ | ||